| 000 -CABECERA |
| fixed length control field |
03241nam a22003737a 4500 |
| 003 - IDENTIFICADOR DEL NÚMERO DE CONTROL |
| control field |
AR-CdUCM |
| 008 - DATOS DE LONGITUD FIJA--INFORMACIÓN GENERAL |
| fixed length control field |
190425b ||||| |||| 00| 0 spa d |
| 040 ## - FUENTE DE LA CATALOGACIÓN |
| Agencia/entidad que catalogó originalmente la obra |
MUNICIPALIDAD PROVINCIAL DEL CUSCO |
| Entidad que transcribió la catalogación |
BIBLIOTECA MUNICIPAL DEL CUSCO |
| 082 ## - NÚMERO DE LA CLASIFICACIÓN DECIMAL DEWEY |
| No. de Clasificación |
Rev.IAAC/N°14/1994 |
| 110 ## - ENTRADA PRINCIPAL--NOMBRE DE ENTIDAD CORPORATIVA |
| Nombre de la institución, jurisdicción como entrada principal |
Instituto Americano de Arte del Cuzco |
| 9 (RLIN) |
43770 |
| 245 ## - MENCIÓN DE TÍTULO |
| Título |
Revista del Instituto Americano de Arte / |
| 260 ## - PUBLICACIÓN, DISTRIBUCIÓN, ETC. |
| Lugar de publicación, distribución, etc. |
Cusco : |
| Nombre de la editorial, distribuidor, etc. |
UNSAAC, |
| Fecha de publicación, distribución, etc. |
1995. |
| 300 ## - DESCRIPCIÓN FÍSICA |
| Nº de Páginas Extensión |
293 páginas. : |
| Otros detalles físicos |
ilustraciones ; |
| Dimensiones |
20 cm. |
| 440 ## - MENCIÓN DE SERIE/PUNTO DE ACCESO ADICIONAL--TÍTULO |
| Título |
Revista del Instituto Americano de Arte Cuzco. |
| Número de la parte/sección de una obra |
Año [XIV], [?] semestre de 1994, N°14. Vol.[?] |
| 9 (RLIN) |
46150 |
| 505 ## - NOTA DE CONTENIDO CON FORMATO |
| Nota de contenido formateada |
Contenido: Cincuenta años de cusqueñismo. Miguel H. Milla. -- Humberto Vidal y su creación de las fiestas del Cusco. Julio A. Gutiérrez Samanez. -- A los cincuenta años del Inti Raymi. Manuel Aparicio. -- Las impulsoras del cusqueñismo y del Inti Raymi. Tania Gutiérrez Samanez. -- Qosqo grandeza de ayer, reflexiones de hoy. Lucio Velásquez Velásquez. -- Runa Simiwan harawi canto al lenguaje humano. José Aragón Aedo. -- El Cusco de ayer. Irma Aquise de Muñiz. -- Antología de la música cusqueña siglos XIX-XX. Eleodoro Justiniani Flórez. -- La supuesta diarquía de los Incas. John Hwland Rowe. -- La coca en perspectiva histórica. Patricia Lyon. -- La escritura de los antiguos peruanos. Humberto Covarrubias Campana. -- La iglesia de la Compañía de Jesús una joya del barroco americano. Roberto Samanez Argumedo. -- Narciso Aresteguí y la novela del Padre Horan. Julio Miranda Bernal. -- El velorio del angelito. María del Carmen de Ferro. -- Mito y rito del maíz en Yucay Urubamba. Demetrio Roca Wallparimachi. -- Pancho Gómez Negrón y el folklore cusqueño. Abraham Valencia Espinoza. -- Danzas folkloricas del Cuzco y la región Inka. Lizardo Pérez Araníbar. -- Intangibilidad del traje típico. Maximiliana Palomino de Sierra. -- Disolución y restitución de la comunidad campesina de Harin. José Gonzáles Ríos. -- Riqueza y variedad de los patrones de alimentación de la cultura andina. Aurelio Carmona Cruz. -- El problema del indio y del indigenismo. Humberto Vidal Unda. -- Acuarelas e identidad cusqueña. Josué Aguilar Meza. -- Notas para la historia del Turismo en el Cusco. Eldi Flores Najar. -- Un museo nacional para el Cusco. Manuel Chávez Ballón. -- El Qosqo de Martín Chambi. -- El Qosqo en el lente de Martín Chambi, Jorge Flores Ochoa. -- Discursos necrológicos en el sepelio de Julio G. Gutiérrez. -- Actividades institucionales. |
| 650 ## - PUNTO DE ACCESO ADICIONAL DE MATERIA--TÉRMINO DE MATERIA |
| Descriptor |
Literatura cusqueña |
| 9 (RLIN) |
46110 |
| 650 ## - PUNTO DE ACCESO ADICIONAL DE MATERIA--TÉRMINO DE MATERIA |
| Descriptor |
Poetas cusqueños |
| 9 (RLIN) |
5956 |
| 650 ## - PUNTO DE ACCESO ADICIONAL DE MATERIA--TÉRMINO DE MATERIA |
| Descriptor |
Intelectuales cusqueños |
| 9 (RLIN) |
46142 |
| 650 ## - PUNTO DE ACCESO ADICIONAL DE MATERIA--TÉRMINO DE MATERIA |
| Descriptor |
Fotografía cusqueña |
| 9 (RLIN) |
13442 |
| 650 ## - PUNTO DE ACCESO ADICIONAL DE MATERIA--TÉRMINO DE MATERIA |
| Descriptor |
Martín Chambi |
| 9 (RLIN) |
43908 |
| 650 ## - PUNTO DE ACCESO ADICIONAL DE MATERIA--TÉRMINO DE MATERIA |
| Descriptor |
Arte popular |
| 9 (RLIN) |
9558 |
| 650 ## - PUNTO DE ACCESO ADICIONAL DE MATERIA--TÉRMINO DE MATERIA |
| Descriptor |
Música cusqueña |
| 9 (RLIN) |
13074 |
| 650 ## - PUNTO DE ACCESO ADICIONAL DE MATERIA--TÉRMINO DE MATERIA |
| Descriptor |
Arquitectura colonial |
| 9 (RLIN) |
28957 |
| 650 ## - PUNTO DE ACCESO ADICIONAL DE MATERIA--TÉRMINO DE MATERIA |
| Descriptor |
Templos coloniales |
| 9 (RLIN) |
45765 |
| 700 ## - PUNTO DE ACCESO ADICIONAL--NOMBRE DE PERSONA |
| Nombre Personal |
Flores Ochoa, Jorge |
| 9 (RLIN) |
2915 |
| 700 ## - PUNTO DE ACCESO ADICIONAL--NOMBRE DE PERSONA |
| Nombre Personal |
Gutiérrez Samanez, Julio |
| 9 (RLIN) |
46146 |
| 700 ## - PUNTO DE ACCESO ADICIONAL--NOMBRE DE PERSONA |
| Nombre Personal |
Miranda Bernal, Julio |
| 9 (RLIN) |
877 |
| 700 ## - PUNTO DE ACCESO ADICIONAL--NOMBRE DE PERSONA |
| Nombre Personal |
Roca Wallparimachi, Demetrio |
| 9 (RLIN) |
6182 |
| 700 ## - PUNTO DE ACCESO ADICIONAL--NOMBRE DE PERSONA |
| Nombre Personal |
Pérez Araníbar, Lizardo |
| 9 (RLIN) |
5568 |
| 700 ## - PUNTO DE ACCESO ADICIONAL--NOMBRE DE PERSONA |
| Nombre Personal |
Carmona Cruz, Aurelio |
| 9 (RLIN) |
46151 |
| 700 ## - PUNTO DE ACCESO ADICIONAL--NOMBRE DE PERSONA |
| Nombre Personal |
Chávez Ballón, Manuel |
| 9 (RLIN) |
45977 |
| 942 ## - ELEMENTOS DE PUNTO DE ACCESO ADICIONAL (KOHA) |
| Fuente de clasificación |
|
| Tipo de item |
Revistas cusqueñas |
| 945 ## - PROCESAMIENTO DE INFORMACIÓN LOCAL (OCLC) |
| Catalogador |
rac |